000
00308 a2200145 4500
001
155007
040
_c
Escola São Tomás de Aquino
100
_a
SMITH, Bernard
240
1
0
_a
David Beckham
_l
por
245
1
0
_a
David Beckham
300
_a
15
362
0
_a
2003
697
_a
Língua inglesa
942
_c
BK
999
_c
155007
_d
155007